L'Attaque des Titans : Bataillon d'Exploration (SNK) - Statistiques

Statistiques générales
  • Ce quiz a été pris 790 fois
    782 depuis la dernière actualisation
  • Le résultat moyen est 14 sur 23
Statistiques - réponses
Grade Personnage % Correct
13e Major Erwin Smith
98%
Caporal Livai Ackerman
97%
15e Major Armin Arlert
96%
Membre de la seconde Escouade Livai Armin Arlert
96%
Membre de la seconde Escouade Livai Eren Jäger
94%
Membre de la seconde Escouade Livai Mikasa Ackerman
92%
Membre de la seconde Escouade Livai Jean Kirschtein
89%
14e Major Hange Zoë
81%
Capitaine Hange Zoë
81%
Membre de la seconde Escouade Livai Conny Springer
78%
Membre de la première Escouade Livai Petra Ralle
78%
Membre de la seconde Escouade Livai Sasha Braus
72%
12e Major Keith Shardiz
55%
Capitaine Mike Zacharias
50%
Seule recrue survivant à Shinganshina Frock Vorster
39%
Adjoint d'Hange Moblit Berner
39%
Membre de la première Escouade Livai Auruo Bossard
36%
Membre de la première Escouade Livai Erd Gin
35%
Membre de la première Escouade Livai Gunther Schültz
32%
Officier Nanaba
23%
Leader informel des recrues Marlowe Freudenberg
11%
Officier Gelgar
6%
Instructeur/ Chef d'escouade Dita Ness
2%
Aucun quiz correspondant
Distribution des résultats
% des personnes avec chaque résultat
Percentile par nombre de réponses
Votre historique - résultats
Vous n’avez pas pris ce quiz depuis la dernière actualisation